000 00333 a2200133 4500
000 nam a22 7a 4500
100 _aJared McDonald
110 _aJared McDonald
245 _aFeeling Their Pain
250 _alatest edition
260 _bOxford University Press
_c2024
264 _bOxford University Press
_c2024
942 _cBK
999 _c395304
_d395304